00000000nam 2200000za 4500
0019.800603
003CaOODSP
00520250505105320
007cr |||||||||||
008150508s2015    xxc|||||o    f|0| 0 por d
020 |a978-0-662-03898-6
040 |aCaOODSP|bfre
043 |an-cn---
0861 |aPS38-49/2015Por-PDF
24500|a[Renseignements à l'intention des personnes détenues en vertu de la Loi sur l'immigration et la protection des réfugiés] |h[ressource électronique].
250 |a[Édition portugais].
260 |aOttawa : |bAgence des services frontaliers du Canada, |cc2015.
300 |a5 p.
500 |aTitre français fourni par l’éditeur.
546 |aTexte en portugais.
7102 |aAgence des services frontaliers du Canada.
77508|tRenseignements à l'intention des personnes détenues en vertu de la Loi sur l'immigration et la protection des réfugiés |w(CaOODSP)9.800549
791 |t[Information for people detained under the Immigration and Refugee Protection Act] |eeng|w(CaOODSP)9.800602
85640|qPDF|s542 Ko|uhttps://publications.gc.ca/collections/collection_2015/asfc-cbsa/PS38-49-2015-por.pdf
986 |aBSF5012-6 (Portuguese)